书目信息 |
| 题名: |
美语咖啡屋
|
|
| 作者: | 王少如 主编 | |
| 分册: | ||
| 出版信息: | 上海 上海世界图书出版公司 2005.05 |
|
| 页数: | 250页 | |
| 开本: | 21cm | |
| 丛书名: | VOA英语教学节目丛书 | |
| 单 册: | ||
| 中图分类: | H319.9 | |
| 科图分类: | ||
| 主题词: | 英语--ying yu--口语--美国--自学参考资料 | |
| 电子资源: | ||
| ISBN: | 7-5062-6872-8 | |
| 000 | 01003nam 2200265 450 | |
| 001 | 012006863566 | |
| 005 | 20060911162037.31 | |
| 010 | @a7-5062-6872-8@dCNY20.00 (含光盘) | |
| 100 | @a20060805d2005 km y0chiy0120 ea | |
| 101 | 0 | @achi@aeng |
| 102 | @aCN@b310000 | |
| 105 | @aa z 000yy | |
| 200 | 1 | @a美语咖啡屋@Amei yu ka fei wu@d= American cafe@f王少如主编@Fwang shao ru zhu bian@zeng |
| 210 | @a上海@c上海世界图书出版公司@d2005.05 | |
| 215 | @a250页@c图@d21cm@e光盘1片 | |
| 225 | 2 | @aVOA英语教学节目丛书@AVOA ying yu jiao xue jie mu cong shu |
| 307 | @a光盘 ISBN : 7-88751-296-4 | |
| 330 | @a本书以街头咖啡屋现场采访为形式,介绍美国年轻一代喜闻乐见的时尚文化,内容精彩,对话生动,引人入胜,最适合大学生和中级英语学习者听读。 | |
| 410 | 0 | @12001 @aVOA英语教学节目丛书 |
| 510 | 1 | @aAmerican cafe@zeng |
| 606 | 0 | @a英语@Aying yu@x口语@y美国@j自学参考资料 |
| 690 | @aH319.9@v4 | |
| 701 | 0 | @a王少如@Awang shao ru@4主编 |
| 801 | 0 | @aCN@bQSSK@c20060911 |
| 905 | @b597886-90@dH319.9@eW335 | |
| 美语咖啡屋= American cafe/王少如主编.-上海:上海世界图书出版公司,2005.05 |
| 250页:图;21cm+光盘1片.-(VOA英语教学节目丛书) |
| ISBN 7-5062-6872-8:CNY20.00 (含光盘) |
| 本书以街头咖啡屋现场采访为形式,介绍美国年轻一代喜闻乐见的时尚文化,内容精彩,对话生动,引人入胜,最适合大学生和中级英语学习者听读。 |
| ● |
| 相关链接 |
|
|
|
正题名:美语咖啡屋
索取号:H319.9/W335
 
预约/预借
| 序号 | 登录号 | 条形码 | 馆藏地/架位号 | 状态 | 备注 |
| 1 | 597886 | 205978860 | 语言库209/209语言库 109排1列6层/ [索取号:H319.9/W335] | 在馆 | |
| 2 | 597887 | 205978879 | 语言库209/209语言库 109排1列6层/ [索取号:H319.9/W335] | 在馆 | |
| 3 | 597888 | 205978888 | 语言库209/209语言库 109排1列6层/ [索取号:H319.9/W335] | 在馆 | |
| 4 | 597889 | 205978897 | 语言库209/209语言库 109排1列6层/ [索取号:H319.9/W335] | 在馆 | |
| 5 | 597890 | 205978904 | 语言库209/209语言库 109排1列6层/ [索取号:H319.9/W335] | 在馆 |